000 00477 a2200193 4500
001 sjds
003 sjds
005 20240207110022.0
008 240207b |||||||| |||| 00| 0 spa d
020 _a9781472351470
020 _a1472351479
040 _csjds
041 _aspa
245 _aBailarinas : horas de diversion para bailarinas prometadores
260 _bParagon Books,
_c[2024]
300 _a192 pages
_c27 cm
500 _aCataloging from website
942 _cBK
999 _c24686
_d24686